000 00755nam a22001817 4500
999 _c6265
_d6265
020 _a9780226307800
020 _a0226307808
050 _aPA3975
_b.E97
100 0 _aGrene, David.(ed.)
245 1 0 _aEuripides.
_cedited by David Grene and Richmond Lattimore.
260 _aChicago :
_bUniversity of Chicago Press,
_c1955.
300 _aix, 220 p.
_c20.3 cm
505 0 _a Alcestis / translated by Ricmond Lattimore. -- The Medea / translated by Rex Warner. -- The Heracleidae / translated by Ralph Gladstone.--Hippolytus / translated by David Grene.
650 _aGreek drama
_x Greek drama -- Translations into English
650 _aEnglish drama
_xEnglish drama -- Translations from Greek.
700 1 _aLattimore, Richmond.(ed.)
942 _cBK